<?xml version="1.0" encoding="UTF-8"?><?xml-stylesheet type="text/xsl" href="static/style.xsl"?><OAI-PMH xmlns="http://www.openarchives.org/OAI/2.0/" xmlns:xsi="http://www.w3.org/2001/XMLSchema-instance" xsi:schemaLocation="http://www.openarchives.org/OAI/2.0/ http://www.openarchives.org/OAI/2.0/OAI-PMH.xsd"><responseDate>2026-04-13T03:19:00Z</responseDate><request verb="GetRecord" identifier="oai:www.recercat.cat:11351/11192" metadataPrefix="marc">https://recercat.cat/oai/request</request><GetRecord><record><header><identifier>oai:recercat.cat:11351/11192</identifier><datestamp>2025-10-24T07:47:09Z</datestamp><setSpec>com_2072_451667</setSpec><setSpec>com_2072_378040</setSpec><setSpec>col_2072_451668</setSpec></header><metadata><record xmlns="http://www.loc.gov/MARC21/slim" xmlns:dcterms="http://purl.org/dc/terms/" xmlns:xsi="http://www.w3.org/2001/XMLSchema-instance" xmlns:doc="http://www.lyncode.com/xoai" xsi:schemaLocation="http://www.loc.gov/MARC21/slim http://www.loc.gov/standards/marcxml/schema/MARC21slim.xsd">
   <leader>00925njm 22002777a 4500</leader>
   <datafield ind2=" " ind1=" " tag="042">
      <subfield code="a">dc</subfield>
   </datafield>
   <datafield ind2=" " ind1=" " tag="720">
      <subfield code="a">Sharma, Mukul</subfield>
      <subfield code="e">author</subfield>
   </datafield>
   <datafield ind2=" " ind1=" " tag="720">
      <subfield code="a">Smith, Eric</subfield>
      <subfield code="e">author</subfield>
   </datafield>
   <datafield ind2=" " ind1=" " tag="720">
      <subfield code="a">Pearce, Lesly</subfield>
      <subfield code="e">author</subfield>
   </datafield>
   <datafield ind2=" " ind1=" " tag="720">
      <subfield code="a">Perera, Kanjana</subfield>
      <subfield code="e">author</subfield>
   </datafield>
   <datafield ind2=" " ind1=" " tag="720">
      <subfield code="a">Kasner, Scott</subfield>
      <subfield code="e">author</subfield>
   </datafield>
   <datafield ind2=" " ind1=" " tag="720">
      <subfield code="a">Yoon, Byung Woo</subfield>
      <subfield code="e">author</subfield>
   </datafield>
   <datafield ind2=" " ind1=" " tag="720">
      <subfield code="a">Puig, Josep</subfield>
      <subfield code="e">author</subfield>
   </datafield>
   <datafield ind2=" " ind1=" " tag="260">
      <subfield code="c">2024-03-14T11:26:30Z</subfield>
   </datafield>
   <datafield ind2=" " ind1=" " tag="260">
      <subfield code="c">2024-03-14T11:26:30Z</subfield>
   </datafield>
   <datafield ind2=" " ind1=" " tag="260">
      <subfield code="c">2021</subfield>
   </datafield>
   <datafield ind2=" " ind1=" " tag="260">
      <subfield code="c">2022-08</subfield>
   </datafield>
   <datafield ind2=" " ind1=" " tag="520">
      <subfield code="a">Rivaroxabán; Aspirina; Infart cerebral</subfield>
   </datafield>
   <datafield ind2=" " ind1=" " tag="520">
      <subfield code="a">Rivaroxabán; Aspirina; Infarto cerebral</subfield>
   </datafield>
   <datafield ind2=" " ind1=" " tag="520">
      <subfield code="a">Rivaroxabán; Aspirin; Brain infarct</subfield>
   </datafield>
   <datafield ind2=" " ind1=" " tag="520">
      <subfield code="a">Background: Covert brain infarcts are associated with important neurological morbidity. Their incidence in patients with embolic stroke of undetermined source (ESUS) is unknown.&#xd;
Aims: To assess the incidence of covert brain infarcts and cerebral microbleeds using MRI in a prospective substudy of the NAVIGATE ESUS randomized trial and to evaluate the effects of antithrombotic therapies.&#xd;
Methods: At 87 sites in 15 countries, substudy participants were randomly assigned to receive rivaroxaban 15 mg daily or aspirin 100 mg daily and underwent brain MRI near randomization and after study termination. The primary outcome was incident brain infarct (clinical ischemic stroke or covert brain infarct). Brain infarcts and microbleeds were ascertained centrally by readers unaware of treatment. Treatment effects were estimated using logistic regression.&#xd;
Results: Among the 718 substudy participants with interpretable, paired MRIs, the mean age was 67 years and 61% were men with a median of 52 days between the qualifying ischemic stroke and randomization and a median of seven days between randomization and baseline MRI. During the median (IQR) 11 (12) month interval between scans, clinical ischemic strokes occurred in 27 (4%) participants, while 60 (9%) of the remaining participants had an incident covert brain infarct detected by MRI. Assignment to rivaroxaban was not associated with reduction in the incidence of brain infarct (OR 0.77, 95% CI 0.49, 1.2) or of covert brain infarct among those without clinical stroke (OR 0.85, 95% CI 0.50, 1.4). New microbleeds were observed in 7% and did not differ among those assigned rivaroxaban vs. aspirin (HR 0.95, 95% CI 0.52-1.7).&#xd;
Conclusions: Incident covert brain infarcts occurred in twice as many ESUS patients as a clinical ischemic stroke. Treatment with rivaroxaban compared with aspirin did not significantly reduce the incidence of covert brain infarcts or increase the incidence of microbleeds, but the confidence intervals for treatment effects were wide.Registration: https://www.clinicaltrials.gov. Unique identifier: NCT02313909.</subfield>
   </datafield>
   <datafield ind2=" " ind1=" " tag="520">
      <subfield code="a">The NAVIGATE ESUS trial and the MRI Substudy were sponsored by Bayer AG.</subfield>
   </datafield>
   <datafield ind1="8" ind2=" " tag="024">
      <subfield code="a">http://hdl.handle.net/11351/11192</subfield>
   </datafield>
   <datafield tag="653" ind2=" " ind1=" ">
      <subfield code="a">Anticoagulants</subfield>
   </datafield>
   <datafield tag="653" ind2=" " ind1=" ">
      <subfield code="a">Aspirina</subfield>
   </datafield>
   <datafield tag="653" ind2=" " ind1=" ">
      <subfield code="a">Infart cerebral</subfield>
   </datafield>
   <datafield tag="653" ind2=" " ind1=" ">
      <subfield code="a">CHEMICALS AND DRUGS::Organic Chemicals::Sulfur Compounds::Thiophenes::Rivaroxaban</subfield>
   </datafield>
   <datafield tag="653" ind2=" " ind1=" ">
      <subfield code="a">CHEMICALS AND DRUGS::Organic Chemicals::Hydrocarbons::Hydrocarbons, Cyclic::Hydrocarbons, Aromatic::Benzene Derivatives::Phenols::Hydroxybenzoates::Salicylates::Aspirin</subfield>
   </datafield>
   <datafield tag="653" ind2=" " ind1=" ">
      <subfield code="a">DISEASES::Nervous System Diseases::Central Nervous System Diseases::Brain Diseases::Cerebrovascular Disorders::Brain Ischemia::Brain Infarction</subfield>
   </datafield>
   <datafield tag="653" ind2=" " ind1=" ">
      <subfield code="a">COMPUESTOS QUÍMICOS Y DROGAS::compuestos orgánicos::compuestos de azufre::tiofenos::rivaroxabán</subfield>
   </datafield>
   <datafield tag="653" ind2=" " ind1=" ">
      <subfield code="a">COMPUESTOS QUÍMICOS Y DROGAS::compuestos orgánicos::hidrocarburos::hidrocarburos cíclicos::hidrocarburos aromáticos::derivados del benceno::fenoles::hidroxibenzoatos::salicilatos::aspirina</subfield>
   </datafield>
   <datafield tag="653" ind2=" " ind1=" ">
      <subfield code="a">ENFERMEDADES::enfermedades del sistema nervioso::enfermedades del sistema nervioso central::enfermedades cerebrales::trastornos cerebrovasculares::isquemia cerebral::infarto encefálico::infarto cerebral</subfield>
   </datafield>
   <datafield ind2="0" ind1="0" tag="245">
      <subfield code="a">Rivaroxaban versus aspirin for prevention of covert brain infarcts in patients with embolic stroke of undetermined source: NAVIGATE ESUS MRI substudy</subfield>
   </datafield>
</record></metadata></record></GetRecord></OAI-PMH>